00702cam a22001934a 4500020001500000040000800015082002600023100002300049245002800072260005200100300003400152500002000186650002300206856005600229856006400285942000700349999001700356952013500373 a0078287324 cDLC00a620 MCG 2004 A039 Or.1 aManning, Darren J.10aProject-based AutoCAD / aNew York, N.Y. :bMcGraw Hill, Glencoe,cc2004. a416 p. :bcol. ill. ;c26 cm. aIncludes index. 0aComputer graphics.41uhttp://www.loc.gov/catdir/toc/mh041/2003276960.html42uhttp://www.loc.gov/catdir/description/mh041/2003276960.html cEK c11784d11784 0010406620_000000000000000_MCG_2004_A039_OR70960445aLBAbLBAcA039d2017-08-07o620 MCG 2004 A039 Or.pA13691r2017-08-07yEK